MARC

LEADER 00000nab a2200000 a 4500
001 vtls000113104
003 SK-MaSNL
005 20260426091231.0
008 160202c1982 xo 0 slo
015 |a SNBRB19rr/mm-uuuuu 
035 |a CL0123207 
040 |a SNKBUCL  |b slo  |c SNKBUCL  |e AACR2 
041 0 |a slo 
044 |a xo  |c SK 
080 |a 885.4-96(087.5)  |2 1981 
100 1 |a Dvořák, Pavel,  |d 1937-2018  |4 aut  |9 200389 
245 1 0 |a Mosty k minulosti  |c Pavel Dvořák 
650 0 7 |a populárno-náučné výklady  |2 snkbucl  |9 250497 
650 0 7 |a literatúra faktu  |2 snkbucl  |9 18459 
650 0 7 |a literatúra pre deti a mládež  |2 snkbucl  |9 21893 
651 7 |a Rím (Taliansko)  |2 snkbucl  |9 23521 
655 7 |a články z novín a časopisov  |2 snkbucl  |9 267496 
655 7 |a články z odboru literárna veda a krásna literatúra  |2 snkbucl  |9 770045 
773 0 |t Zornička  |g Roč. 34, č. 12 (1982), s. 12 
850 |a Slovenská národná knižnica v Martine  |a MTA001 
852 |a SNK  |b KIS3GCP 
958 |a RK 
958 |a CZ 
958 |a LX 
958 |a SK 
992 |a RBX 
999 |c 3018563  |d 3020493